000 00782nam a2200241Ia 4500
003 GCL
008 140319s9999 xx 000 0 ara d
020 _a1033166977
040 _aGCL /
_cGCL
082 0 4 _a272.6
_bب ت
100 1 _aصموئيل حبيب
245 1 0 _aتفسير العهد الجديد : سفر الرؤيا /
_cصموئيل حبيب
700 1 _aبطرس عبدالملك
700 1 _aمنيس عبد النور
700 1 _aباركلى ،وليم
250 _aالثالثة
260 _aالقاهرة :
_bدار الثقافة المسيحية ،
_c1988
300 _a464 ص ؛
_c23 سم
490 _aتفسير العهد الجديد
_v0
650 0 4 _aالعهد الجديد
650 0 4 _aالدين المسيحى
942 _2ddc
_cBK
999 _c58950
_d58950